Por las grutas y selvas del Indostán / (Record no. 34383)

MARC details
000 -LEADER
campo de control de longitud fija 01040nam a2200253 i 4500
001 - NÚMERO DE CONTROL
campo de control 34383
003 - IDENTIFICADOR DE NÚMERO DE CONTROL
campo de control ES-MaACL
005 - FECHA Y HORA DE LA ÚLTIMA TRANSACCIÓN
campo de control 20250803063034.0
007 - CAMPO FIJO DE DESCRIPCIÓN FÍSICA--INFORMACIÓN GENERAL
campo de control de longitud fija t|
008 - DATOS DE LONGITUD FIJA--INFORMACIÓN GENERAL
campo de control de longitud fija 030204s1918 sp ||||1| spa d
100 1# - ENTRADA PRINCIPAL--NOMBRE DE PERSONA
Nombre de persona Blavatsky, H. P.,
Fechas asociadas al nombre 1831-1891
9 (RLIN) 148372
245 10 - MENCIÓN DEL TÍTULO
Título Por las grutas y selvas del Indostán /
Mención de responsabilidad, etc. traducción de los artículos escritos en ruso por Helena Petrovna Blavatsky ; prólogo, notas y comentarios por Mario Roso de Luna.
260 ## - PUBLICACIÓN, DISTRIBUCIÓN, ETC.
Lugar de publicación, distribución, etc. Madrid :
Nombre del editor, distribuidor, etc. Librería de la Viuda de Pueyo,
Fecha de publicación, distribución, etc. 1918 (
Fabricante Imp. Helénica)
300 ## - DESCRIPCIÓN FÍSICA
Extensión XXXIX, 533 p. :
Otras características físicas 1 retr. ;
Dimensiones 25 cm.
530 ## - NOTA DISPONIBLE DE FORMULARIO FÍSICO ADICIONAL
Nota de formato físico adicional disponible Disponible en formato digital.
599 ## - NOTA A LAS ILUSTRACIONES
NOTA A LAS ILUSTRACIONES Retr. de H.P. Blavatsky.
651 #4 - PUNTO DE ACCESO ADICIONAL DE MATERIA--NOMBRE GEOGRÁFICO
Nombre geográfico India-
Subdivisión general Descripción.
9 (RLIN) 8839
651 #4 - PUNTO DE ACCESO ADICIONAL DE MATERIA--NOMBRE GEOGRÁFICO
Nombre geográfico India-
Subdivisión general Religión.
9 (RLIN) 163776
700 1# - ENTRADA AGREGADA--NOMBRE PERSONAL
Nombre de persona Roso de Luna, Mario,
Fechas asociadas al nombre 1872-1931
9 (RLIN) 99794
852 ## - LOCALIZACIÓN
Ubicación ES-MaACL
Número de control de estantería C-4324
Ubicación en estantería Sala Palomar
Nota libre Revisado enlace: 7 de julio de 2025
856 4# - LOCALIZACIÓN Y ACCESO ELECTRÓNICOS
Identificador Uniforme de Recursos <a href="http://bdh-rd.bne.es/viewer.vm?id=0000074566&page=1 ">http://bdh-rd.bne.es/viewer.vm?id=0000074566&page=1 </a>
Texto de enlace Biblioteca Digital Hispánica
942 ## - ELEMENTOS DE ENTRADA SECUNDARIOS (KOHA)
Fuente del sistema de clasificación o colocación Clasificación decimal universal
Holdings
Estatus retirado Estado de pérdida Estado de daño No para préstamo Colección Biblioteca de origen Biblioteca actual Ubicación en estantería Fecha de adquisición Fuente de adquisición Total de préstamos Signatura topográfica completa Código de barras Visto por última vez Precio de reemplazo Tipo de ítem Koha
        Colección digital Biblioteca del Ateneo de Madrid Biblioteca del Ateneo de Madrid Sala Palomar 17/01/2008     C-4324 1035861 23/02/2023 23/02/2023 Libro impreso